MARC

LEADER 00000nam0a2200000 4500
001 57501
005 20231101211655.0
010 |a 5899970162 
035 |a (RuTPU)RU\TPU\book\60668 
090 |a 57501 
100 |a 20031105d2001 k y0rusy50 ca 
101 0 |a rus 
102 |a RU 
105 |a y z 001zy 
200 1 |a Женщина, мужчина, семья в России: последняя треть XX века  |f Российская академия наук; Институт социально-экономических проблем народонаселения; Под ред. Н. М. Римашевской 
210 |a Москва  |c ИСЭПН  |d 2001 
215 |a 320 с. 
225 1 |a Проект "Таганрог" 
320 |a Библиогр.: с. 311-314. 
606 1 |a Гендерная политика  |x Социология  |2 stltpush  |3 (RuTPU)RU\TPU\subj\69867  |9 84542 
610 1 |a социология 
610 1 |a гендер 
610 1 |a гендерные исследования 
610 1 |a гендерная социализация 
610 1 |a гендерные роли 
610 1 |a женщины 
610 1 |a мужчины 
610 1 |a семья 
610 1 |a семейные отношения 
610 1 |a Россия 
610 1 |a 20 век 
686 |a С55.53  |v LBC/SL-A  |2 rubbk 
702 1 |a Римашевская  |b Н. М.  |4 340 
712 0 2 |a Российская академия наук (РАН)  |b Институт социально-экономических проблем народонаселения (ИСЭПН)  |c (Москва)  |2 stltpush  |3 (RuTPU)RU\TPU\col\1922 
801 1 |a RU  |b 63413507  |c 20031105  |g PSBO 
801 2 |a RU  |b 63413507  |c 20140530  |g PSBO 
900 |a Человек и его потребности 
942 |c BK